Least Streamed Twice Songs - Statistics

General Stats
  • This quiz has been taken 11 times
  • The average score is 13 of 20
Answer Stats
Streams Album Song % Correct
2,565,594 Enemy Like 1
88%
578,262 Enemy FINE
75%
435,325 Enemy Glow
75%
4,058,681 Celebrate TICK TOCK
75%
1,178,461 Enemy Up to you
75%
3,190,124 Dive Beyond the Horizon
63%
3,864,352 Celebrate Bitter Sweet
63%
544,297 Enemy Blind in love
63%
2,635,072 Dive Echoes of heart
63%
3,588,832 Celebrate Flow like waves
63%
2,636,464 Dive Inside of me
63%
481,778 Enemy Love is more
63%
2,895,977 Dive LOVE WARNING
63%
2,987,156 Dive Ocean Deep
63%
494,084 Enemy One day
63%
2,715,273 Dive Peach soda
63%
3,927,516 Celebrate Sandcastle
63%
4,194,570 Celebrate That's all I'm saying
63%
3,777,896 Celebrate Voices of Delight
63%
4,253,109 Page Two Tuk Tok
50%
No matching quizzes found
Score Distribution
Percent of People with Each Score
Percentile by Number Answered
Your Score History
You have not taken this quiz